[Event "ROM-ch U08"]
[Site "Calimanesti Caciulata"]
[Date "2019.04.16"]
[Round "2"]
[White "Minescu, Leon"]
[Black "Anghel, Rares Stefan"]
[Result "1-0"]
[WhiteElo "1001"]
[BlackElo "1001"]
[PlyCount "25"]
[EventDate "2019.04.15"]
[EventType "swiss"]
[EventRounds "9"]
[EventCountry "ROU"]
[SourceTitle "CBM 190 Extra"]
[Source "ChessBase"]
[SourceDate "2019.07.15"]
[SourceVersion "1"]
[SourceVersionDate "2019.07.15"]
[SourceQuality "1"]

1. d4 d5 2. c4 e5 3. dxe5 dxc4 4. Qxd8+ Kxd8 5. Bg5+ f6 6. exf6 gxf6 7. Bf4 Bc5 8. Nf3 Nh6 9. Bxh6 Ke8 10. e4 Na6 11. Bxc4 Nb4 12. Na3 Nc6 13. 0-0 1-0

[Event "ROM-ch U08"]
[Site "Calimanesti"]
[Date "2018.04.02"]
[Round "8"]
[White "Zamfirescu, Matei Bogdan"]
[Black "Anghel, Rares Stefan"]
[Result "0-1"]
[WhiteElo "1001"]
[BlackElo "1002"]
[PlyCount "70"]
[EventDate "2018.03.27"]
[EventType "swiss"]
[EventRounds "9"]
[EventCountry "ROU"]
[SourceTitle "CBM 183 Extra"]
[Source "ChessBase"]
[SourceDate "2018.04.19"]
[SourceVersion "1"]
[SourceVersionDate "2018.04.19"]
[SourceQuality "1"]

1. d4 d5 2. c3 Nf6 3. Qa4+ Bd7 4. Qd1 e6 5. Nf3 Bd6 6. e3 0-0 7. Be2 Qe7 8. 0-0 Bc6 9. Ng5 h6 10. Nf3 Nbd7 11. Nbd2 Rfe8 12. Rb1 Rad8 13. Nh4 Ne4 14. Bd3 Qxh4 15. g3 Qf6 16. f3 Nxd2 17. Bxd2 Re7 18. b4 a6 19. Rb2 Rde8 20. c4 dxc4 21. Bxc4 Bd5 22. Bd3 e5 23. dxe5 Bxe5 24. Rb1 Bxa2 25. Rb2 Bxb2 26. Be1 Nb6 27. Qd2 Rxe3 28. Bf2 Rxf3 29. Qd1 Ba3 30. Bd4 Rxf1+ 31. Bxf1 Qd6 32. Be2 Rd8 33. Bh5 Qxd4+ 34. Kh1 Qxd1+ 35. Kg2 Qxh5 0-1

[Event "ROM-ch U08"]
[Site "Calimanesti"]
[Date "2018.03.27"]
[Round "1"]
[White "Anghel, Rares Stefan"]
[Black "Nica, Tudor Stefan"]
[Result "0-1"]
[WhiteElo "1002"]
[BlackElo "1084"]
[PlyCount "130"]
[EventDate "2018.03.27"]
[EventType "swiss"]
[EventRounds "9"]
[EventCountry "ROU"]
[SourceTitle "CBM 183 Extra"]
[Source "ChessBase"]
[SourceDate "2018.04.19"]
[SourceVersion "1"]
[SourceVersionDate "2018.04.19"]
[SourceQuality "1"]

1. e4 c5 2. Nc3 g6 3. d3 Bg7 4. Bd2 e6 5. Nf3 Ne7 6. Be2 0-0 7. 0-0 d5 8. exd5 exd5 9. Bg5 h6 10. Bxe7 Qxe7 11. Qd2 Be6 12. Rac1 b6 13. d4 c4 14. h3 Nc6 15. Rfe1 Rfe8 16. Rcd1 Qd7 17. Qe3 Bxh3 18. Qd2 Be6 19. Qf4 a6 20. Ne5 Nxe5 21. dxe5 Qc7 22. Bf3 Rad8 23. Bxd5 Bxd5 24. Rxd5 Rxd5 25. Nxd5 Qc5 26. Nf6+ Bxf6 27. Qxf6 c3 28. bxc3 Qxc3 29. Rb1 Qxe5 30. Qxe5 Rxe5 31. Rxb6 Ra5 32. Rb8+ Kg7 33. Rb2 Kf6 34. Kh2 Ke5 35. Rb7 Rxa2 36. Rxf7 Rxc2 37. Rg7 Rxf2 38. Rxg6 Rf6 39. Rg7 Kd4 40. g4 Kc3 41. Kh3 a5 42. Rb7 a4 43. Rc7+ Kb2 44. Rb7+ Ka2 45. Kh4 a3 46. Rd7 Rb6 47. Rd2+ Rb2 48. Rd6 Rh2+ 49. Kg3 Rh1 50. Rd2+ Ka1 51. Kg2 Rb1 52. Kh2 Rb2 53. Rg2 Rxg2+ 54. Kxg2 a2 55. Kf3 Kb2 56. Kf4 a1Q 57. Kf5 Kb3 58. Kg6 Qg1 59. Kxh6 Qxg4 60. Kh7 Qg5 61. Kh8 Kc4 62. Kh7 Kd5 63. Kh8 Ke6 64. Kh7 Kf7 65. Kh8 Qg8# 0-1